Statistics for Connecticut General Knowledge

Click here to take the quiz!

General Stats

  • This quiz has been taken 99 times
  • The average score is 6 of 15

Answer Stats

HintAnswer% Correct
Capital and most populous city in ConnecticutHartford
97%
43rd U.S. president born in New HavenGeorge W. Bush
88%
Prestigious ivy league college in New HavenYale
88%
Nickname: ____________ StateConstitution
72%
Major coastal city on Long Island SoundNew Haven
70%
The oldest, continuously-running amusement park Lake Compounce
45%
Beach and state park on the coast of Madison, CTHammonasset
37%
Famous song and state songYankee Doodle
33%
Small town and location of University of ConnecticutMansfield
30%
Famous banker who opened "Chase" born in HartfordJ.P. Morgan
23%
Historic nuclear-powered submarine in GordonUSS Nautilus
18%
Manufacturer of industrial tools HQed in New BritainStanley
15%
State Park and recreation area on Long Island SoundRocky Neck
10%
An archipelago of small islands in Long Island SoundThimble Islands
7%
Telecommunications company HQed in StamfordCharter
3%

Score Distribution

Percentile by Number Answered

Percent of People with Each Score

Your Score History

You have not taken this quiz